000 00303nam a2200145Ia 4500
100 _aTokheim/Roger L
250 _a3
942 _cBK
654 _adigital
245 _aDigital electronics 4/e
260 _bGlencoe
_aNew york
_c1994
082 _a621.3815
_bTOK
300 _a345
546 _aENGLISH
999 _c18345
_d18345